000 01486nam a22001577a 4500
041 _aukr
080 _a09
090 _bСАВ
100 _aСавицька, Ю. С.
245 _aСоціолінгвістичний аспект функціонування політичного мовлення
260 _aОстрог
_bКАФ
_c2004
300 _a67
520 _aРозділ 1. Політична реклама як форма суспільної комунікації 1.1 Політична реклама в суспільному контексті 1.2 Ідеологічна прагматика мови політичної реклами 1.3 Релевантність мовних механізмів та лінгвістичні аспекти впливу на ефективність політичної пропаганди Розділ 2. Політична лінгвістика та її варіативність 2.1 Лексико-стилістичні засоби у політичних текстах 2.2 Метафора та евфемізми як засоби оптимізації соціальної функції мови в політичних текстах Розділ 3. Контент-аналіз та інші методи дослідження політичних текстів
_0соціолінгвістика, політична реклама, стилістика
650 _aResearch Papers
999 _c282605
_d282605
942 _cBK